Online
Catalog

La biblioteca universitaria : (Record no. 23137)

MARC details
000 -CABECERA
campo de control de longitud fija 00971nam a2200265 a 4500
001 - NÚMERO DE CONTROL
campo de control 000023641
005 - FECHA Y HORA DE LA ÚLTIMA TRANSACCIÓN
campo de control 20251113092030.0
008 - DATOS DE LONGITUD FIJA--INFORMACIÓN GENERAL
campo de control de longitud fija 101216s1989 sp 000 0 spa d
020 ## - NÚMERO INTERNACIONAL ESTÁNDAR DEL LIBRO
Número Internacional Estándar del Libro 843680502x (Piramide)
020 ## - NÚMERO INTERNACIONAL ESTÁNDAR DEL LIBRO
Número Internacional Estándar del Libro 8486168473 (F.C.S.R.)
040 ## - FUENTE DE LA CATALOGACIÓN
Centro catalogador/agencia de origen DO-SdBNP
Lengua de catalogación spa
Centro/agencia transcriptor BNPHU
082 ## - NÚMERO DE LA CLASIFICACIÓN DECIMAL DEWEY
Número de clasificación 027.7
Número de documento/Ítem T357b
100 1# - ENTRADA PRINCIPAL--NOMBRE DE PERSONA
Nombre de persona Thompson, James.
9 (RLIN) 48717
245 13 - MENCIÓN DE TÍTULO
Título La biblioteca universitaria :
Resto del título introducción a su gestión /
Mención de responsabilidad, etc. James Thompson y Reg Carr ; traducción David Torra Ferrer.
260 ## - PUBLICACIÓN, DISTRIBUCIÓN, ETC.
Lugar de publicación, distribución, etc. Madrid :
Nombre del editor, distribuidor, etc. Fundación Germán Sánchez Ruipérez,
-- Pirámide,
Fecha de publicación, distribución, etc. 1989.
300 ## - DESCRIPCIÓN FÍSICA
Extensión 341 p. ;
Dimensiones 22 cm.
490 1# - MENCIÓN DE SERIE
Mención de serie Biblioteca del Libro
500 ## - NOTA GENERAL
Nota general Incluye referencias biográficas de los autores en la solapa.
504 ## - NOTA DE BIBLIOGRAFÍA, ETC.
Nota de bibliografía, etc. Bibliografía p: 319-341
500 ## - NOTA GENERAL
Nota general Incluye notas a pie de página
650 #0 - PUNTO DE ACCESO ADICIONAL DE MATERIA--TÉRMINO DE MATERIA
Término de materia o nombre geográfico como elemento de entrada Bibliotecas académicas
9 (RLIN) 48382
700 1# - PUNTO DE ACCESO ADICIONAL--NOMBRE DE PERSONA
Nombre de persona Torra Ferrer, David,
Término indicativo de función/relación tr.
9 (RLIN) 7640
700 1# - PUNTO DE ACCESO ADICIONAL--NOMBRE DE PERSONA
Nombre de persona Carr, Reg.
9 (RLIN) 48718
830 #0 - PUNTO DE ACCESO ADICIONAL DE SERIE-TÍTULO UNIFORME
Título uniforme Biblioteca del Libro
9 (RLIN) 7397
Holdings
Estado de retiro Estado de pérdida Restricciones de uso No para préstamo Código de colección Localización permanente Ubicación/localización actual Ubicación en estantería Fecha de adquisición Número de inventario Total de préstamos Signatura topográfica completa Código de barras Fecha visto por última vez Precio válido a partir de Tipo de ítem Koha Número de copia
        Monografías: Libros y Folletos General General Depósito 16.12.2010 LF1   027.7 T357b 23641-10 25.06.2020 25.06.2020 Préstamo en sala  
      Excluido de préstamo Monografías: Libros y Folletos General General Depósito 09.10.2017 LF1   027.7 T357b 23641-20 25.06.2020 25.06.2020 No se presta e. 2

Powered by Koha